| 000 | 00470nam a2200193 4500 | ||
|---|---|---|---|
| 003 | SEACOMMC | ||
| 005 | 20231010052747.0 | ||
| 008 | 231010b |||||||| |||| 00| 0 eng d | ||
| 020 | _cRs. 395.00 | ||
| 040 | _aSEACOMMC | ||
| 082 |
_a621.395 _bMAR |
||
| 100 | 1 | _aMarston, R.M. | |
| 245 | 1 |
_aNewnes Linear IC pocket book _cR.M. Marston |
|
| 250 | _a2nd ed. | ||
| 260 |
_aOxford _bNewnes _c2002 |
||
| 650 | _aEngineering | ||
| 650 | _aComputer engineering | ||
| 942 | _cBOOK | ||
| 999 |
_c36 _d36 |
||